Statistics for Portugal Country Quiz #3

Click here to take the quiz!

General Stats

  • This quiz has been taken 335 times
    (333 since last reset)
  • The average score is 9 of 20

Answer Stats

HintAnswer% Correct
Deep water fish widely eaten in PortugalBacalhau
90%
Another Catholic Saint patron of Summer festivities but in OportoJohn
78%
Site of one of the most famous Catholic Sanctuaries in the entire worldFátima
74%
Catholic Saint patron of popular Summer festivities in LisbonAnthony
73%
Portuguese word, difficult to translate into other languages, expressing a melancolic feelingSaudade
73%
Highest mountain of the mainland, 1991mt highEstrela
72%
City where you can surf the biggest waves on EarthNazaré
71%
Popular sandwich, made of beef, ham, cheese, sausage and a special sauceFrancesinha
70%
City known as Cidade dos Arcebispos (Arcebishops' City)Braga
53%
Portuguese King who made Brazil an independent country in 1822D.Pedro
38%
Contemporary female artist, known for her unique sculptures and creationsJoana Vasconcelos
37%
Notorious researcher and Medical Doctor, winner of a Nobel Prize in 1949Egas Moniz
34%
Portuguese China and porcelain brand, famous worldwideVista Alegre
30%
Only National ParkPeneda Gerês
29%
Biggest city of the inland, considered the best to live inViseu
28%
One of the most typical portuguese cuisine specialtiesCozido à Portuguesa
25%
Only Portuguese Pope (1276-1277)João XXI
21%
Most famous Port Wine brandFerreira
13%
Former Portuguese automobile manufacturer (1977-1994), famous for 4X4 vehiclesUMM
12%
Main industrial export (type of product)Cars
10%

Score Distribution

Percentile by Number Answered

Percent of People with Each Score

Your Score History

You have not taken this quiz since the last reset